000 02281nam a2200577 i 4500
001 42426
003 KOSZ 005
005 20221103115907.0
008 221103s2002 pl a f 000 0 eng
015 _aUWD 2003/12943
020 _a8387274399
035 _a991020000289705066
035 _a(PL-WaBN)b15421041-48omnis_nlop
035 _ab15421041
035 _a(OCoLC)830378322
035 _a(PL)b0000001542104
035 _a(EXLNZ-48OMNIS_NETWORK)9910519814805606
040 _aWA N
_cWA N
_dKOSZ 005/RW
041 0 _aeng
046 _k2002
080 _a621.01
080 _a004.4
245 0 0 _aDevelopment in control and machinery design /
_ceditor Janusz Sempruch ; [recenzenci prof. dr hab. inż. Leopold Berkowski, prof. zw. dr hab. inż. Zygmunt Drzymała, prof. dr hab. Krzysztof Gołoś, dr hab. inż. Jerzy Iwaszko, dr hab. inż. Franciszek Siemieniako, dr hab. inż. Andrzej Zając].
250 _aWydanie I.
260 _aBydgoszcz :
_bWydawnictwa Uczelniane Akademii Techniczno-Rolniczej,
_ccopyright 2002.
300 _a112 stron :
_bilustracje (w tym kolorowe) ;
_c24 cm.
336 _aTekst
_btxt
_2rdacontent
337 _aBez urządzenia pośredniczącego
_bn
_2rdamedia
338 _aWolumin
_bnc
_2rdacarrier
380 _aKsiążki
380 _aPublikacje naukowe
388 1 _a2001-
504 _aBibliografia przy pracach.
650 7 _aMaszyny
_2DBN
650 7 _aOprogramowanie
_2DBN
650 7 _aProjektowanie
_2DBN
655 7 _aPraca zbiorowa
658 _aInżynieria i technika
658 _aInformatyka i technologie informacyjne
700 1 _aSempruch, Janusz
_eRedakcja
700 1 _aBerkowski, Leopold
_eRecenzja
700 1 _aDrzymała, Zygmunt
_d(1936-2012)
_eRecenzja
700 1 _aGołoś, Krzysztof
_eRecenzja
700 1 _aIwaszko, Jerzy
_eRecenzja
700 1 _aSiemieniako, Franciszek
_d(1943-2014)
_eRecenzja
700 1 _aZając, Andrzej
_d(1938-2006)
_eRecenzja
710 2 _aWydawnictwa Uczelniane Akademii Techniczno-Rolniczej (Bydgoszcz)
_4pbl
856 _uhttp://koha.tu.koszalin.pl/cgi-bin/koha/opac-detail.pl?biblionumber=42426
_yKatalog online BPK
942 _2UKD
_cKS
999 _c42426
_d42426